000 00804nam a2200253Ia 4500
003 OSt
005 20220918105812.0
006 a|||||r|||| 00| 0
007 ta
008 220915b |||||||| |||| 00| 0 eng d
020 _a978 0 7486 4058 4 (pbk)
_c2150.48
024 _a21,299
037 _b7563, 16/03/2015, Efficient Book Distributors
_cReference Collections
040 _aARTS
_cARTS
_beng
041 _2eng
_aeng
082 _aR3xN42k, Q1(RR)
100 _aMurray Alex Ed.
_94060
245 0 _aAgamben dictionary
260 _aEdinburgh
_bEdinburgh University Press UK
_c2011
300 _a219p.
650 _aPHILOSOPHY
942 _hR3xN42k, Q1(RR)
_cREF
999 _c109550
_d109550